Statistics for Historic figures

Click here to take the quiz!

General Stats

  • This quiz has been taken 33 times
  • The average score is 10 of 13

Answer Stats

HintAnswer% Correct
Deaf composerLudwig van Beethoven
100%
Henry’s Spanish wifeCathrine of Arogon
97%
Plato’s teacherSocrates
97%
Last RomanovTsar Nicholas II
97%
Wrote EmmaJane Austin
90%
West Country explorer
who courted Elizebeth
Sir Walter Raleigh
86%
Aqualung inventorJaques Cousteau
79%
King who disappeared in
Calais
Henry VII
76%
Henry VIII brotherArthur Tudor
59%
Destroyed Saint AlbansBoudicca
59%
Strong wolfGenghis Khan
59%
Last PlantagenetRichard III
55%
Banned boiling lobstersAdolf Hitler
48%

Score Distribution

Percentile by Number Answered

Percent of People with Each Score

Your Score History

You have not taken this quiz